Loading...
| 1 | 20.00 | 100% | 100% | 0% | |
| Current Events | 1 | 10.00 | 100% | 0% | 0% |
| Fine Arts - Auditory Fine Arts | 6 | 18.33 | 100% | 83% | 0% |
| Fine Arts - Other Fine Arts | 8 | 18.75 | 100% | 50% | 38% |
| Fine Arts - Visual Fine Arts | 4 | 15.00 | 100% | 50% | 0% |
| History - American History | 6 | 18.33 | 100% | 67% | 17% |
| History - European History | 7 | 20.00 | 100% | 86% | 14% |
| History - Other History | 5 | 16.00 | 100% | 60% | 0% |
| History - World History | 7 | 17.14 | 100% | 57% | 14% |
| Literature - American Literature | 3 | 23.33 | 100% | 67% | 67% |
| Literature - British Literature | 8 | 20.00 | 100% | 88% | 13% |
| Literature - European Literature | 6 | 16.67 | 100% | 67% | 0% |
| Literature - World Literature | 5 | 16.00 | 100% | 60% | 0% |
| Mythology | 7 | 18.57 | 100% | 57% | 29% |
| Other Academic | 1 | 30.00 | 100% | 100% | 100% |
| Philosophy | 9 | 20.00 | 100% | 78% | 22% |
| Pop Culture | 4 | 22.50 | 100% | 100% | 25% |
| Religion | 5 | 14.00 | 80% | 40% | 20% |
| Science - Biology | 7 | 14.29 | 86% | 57% | 0% |
| Science - Chemistry | 6 | 11.67 | 83% | 33% | 0% |
| Science - Other Science | 7 | 25.71 | 100% | 86% | 71% |
| Science - Physics | 4 | 20.00 | 100% | 75% | 25% |
| Social Science | 9 | 14.44 | 89% | 44% | 11% |